Determinantes internos y perspectivas de una política exterior autónoma para Centroamérica: elementos para la discusión

Na minha lista:
Detalhes bibliográficos
Autor principal: Eguizábal Mendoza, Cristina
Autor Corporativo: CSUCA
Formato: Texto
Idioma:Spanish
Publicado em: San José: CSUCA
Tags: Adicionar Tag
Sem tags, seja o primeiro a adicionar uma tag!

MARC

LEADER 00000 a a2200000 04500
001 24297
003 cru CIDCACS/IIS
005 20231128084516.0
008 231128b |||||||| |||| 00| 0 spa d
040 |c cru CIDCACS/IIS 
090 |a 11.03.01 E28d 
100 |a Eguizábal Mendoza, Cristina  
110 |a CSUCA  
245 |a Determinantes internos y perspectivas de una política exterior autónoma para Centroamérica: elementos para la discusión  
260 |a San José:   |b CSUCA  
300 |a 21 p  
942 |2 z  |c LI  |h 11.03.01 E28d  |i 03313  |6 110301_E28D_03313 
999 |c 708  |d 708